Polacy w Premier League 2020/2021 - Statystyki

Ogólne statystyki
  • Ten quiz został rozwiązany 135 razy
  • Średni wynik to 4 z 6
Statystyki odpowiedzi
klub pozycja piłkarz % Poprawnych
Southampton obrońca Jan Bednarek
96%
West Ham bramkarz Łukasz Fabiański
96%
Leeds pomocnik Mateusz Klich
92%
WBA pomocnik Kamil Grosicki
73%
Leeds pomocnik Mateusz Bogusz
43%
Leeds bramkarz Kamil Miazek
12%
Nie znaleziono quizów pasujących do podanych kryteriów
Rozkład punktacji
Procent ludzi z każdym wynikiem
Percentyl według liczby udzielonych odpowiedzi
Twoja historia wyników
Nie rozwiązałeś tego quizu